Seres Mitológicos - Estadísticas

Estadísticas generales
  • Esta prueba ha sido intentada 129 veces
  • La puntuación promedio es 30 de 45
Estadísticas de respuestas
Pregunta Azulejo Select % Correcto
Minotauro Antenas de Hormiga No
96%
Minotauro Brazos de Pulpo No
96%
Minotauro Cabeza de Toro
96%
Minotauro Cola de Cocodrilo No
96%
Minotauro Ojos de Serpiente No
96%
Minotauro Pinzas de Cangrejo No
96%
Minotauro Cuernos de Ciervo No
95%
Centauro Patas de Rinoceronte No
92%
Centauro Alas de Dragón No
91%
Centauro Cola de Serpiente No
91%
Centauro Melenas de Sirena No
90%
Minotauro Cuerpo de Hombre
88%
Centauro Torso de Hombre
86%
Mantícora Cuernos de Rinoceronte No
83%
Mantícora Patas delanteras de Cocodrilo No
81%
Centauro Piernas de Caballo
80%
Mantícora Pinchos de Erizo No
80%
Basilisco (Común) Pelo de Marmota No
79%
Quimera Alas de Cisne No
75%
Quimera Cola de Mapache No
74%
Centauro Cuerpo de Caballo
74%
Basilisco (Común) Cola de Escorpión No
73%
Mantícora Ojos de Araña No
73%
Mantícora Cola de Escorpión
72%
Centauro Cabeza de Hombre
71%
Centauro Brazos de Hombre
70%
Basilisco (Común) Patas de Dinosaurio No
70%
Mantícora Cuerpo de León
66%
Mantícora Patas traseras de Cabra No
65%
Quimera Cuerpo de León
61%
Basilisco (Común) Cuerpo de Réptil
59%
Quimera Cabeza Humana No
55%
Quimera Patas de Antílope No
55%
Basilisco (Común) Cola de Réptil
53%
Mantícora Cabeza Humana
50%
Minotauro Rabo de Toro
50%
Quimera Alas de Dragón
47%
Mantícora Alas de Murciélago
38%
Quimera Cabeza de León
38%
Quimera Cabeza de Cabra
33%
Basilisco (Común) Cabeza de Serpiente No
28%
Basilisco (Común) Cabeza de Gallo
22%
Basilisco (Común) Cuerpo de Gallo
18%
Basilisco (Común) Alas de Murciélago
16%
Quimera Cabeza de Dragón
15%
No se encontraron pruebas coincidentes
Distribución de puntuación
Porcentaje de gente con cada puntuación
Porcentaje por número respondido
Historial de tus puntuaciones
No has intentado esta prueba.